000 00386pab a2200145 454500
008 180718b2015 xxu||||| |||| 00| 0 eng d
100 _aSinha, Dipa
245 _aMaternal and child health: inching ahead, miles to go
260 _c2015
300 _ap.16-19.
362 _a5 Dec
650 _aMaternal and child health
773 _aEconomic and Political Weekly
909 _a109717
999 _c109712
_d109712